| 000 | 00934nam a2200289 i 4500 | ||
|---|---|---|---|
| 001 | 16260 | ||
| 003 | ES-MaACL | ||
| 005 | 20230906151256.0 | ||
| 007 | t| | ||
| 008 | 000821s1999 sp a |||| | spa d | ||
| 020 | _a84-95314-77-0 | ||
| 080 | _a398(48) | ||
| 080 | _a94(489)".../1241" | ||
| 100 | 0 |
_aSaxo, Grammaticus. _9104097 |
|
| 245 | 1 | 0 |
_aHistoria danesa / _cSaxo Gramático ; traducción, introducción y notas de Santiago Ibáñez LLuch. |
| 260 |
_aValencia : _bTilde, _c1999. |
||
| 300 |
_a2 v. : _bil. ; _c21 cm. |
||
| 490 | 1 |
_aColección Gorgona ; _v6 |
|
| 505 | 8 |
_aContiene: 1 ; _tLibros I-IV - 2 ; _tLibros V-IX |
|
| 650 | 4 |
_aFolklore- _zEscandinavia. _9159978 |
|
| 651 | 4 |
_aDinamarca- _xHistoria. _9159979 |
|
| 651 | 4 |
_aEscandinavia- _xHistoria. _98158 |
|
| 700 | 1 |
_aIbáñez LLuch, Santiago. _964931 |
|
| 830 | 0 |
_aColección Gorgona ; _v6 _9183697 |
|
| 852 |
_aES-MaACL _jL-23511-12 |
||
| 999 |
_c16260 _d16260 |
||